| 000 | 00400nam a2200169Ia 4500 | ||
|---|---|---|---|
| 008 | 230524s9999 xx 000 0 und d | ||
| 020 | _a9789383260805 | ||
| 082 | _bBAN | ||
| 100 |
_aRashmi Bansal _941728 |
||
| 245 | 0 | _aTake Me Home | |
| 250 | _a1 | ||
| 260 |
_aNew Delhi _bWestland Itd _c2014 |
||
| 300 | _a355p; | ||
| 500 | _aQuantity Number: 1 | ||
| 650 |
_aMisalliance _941729 |
||
| 942 | _cBK | ||
| 999 |
_c56187 _d56187 |
||